Mystery of the Whispering Voice (Record no. 590)

MARC details
000 -LEADER
fixed length control field 00391nam a22001457a 4500
003 - CONTROL NUMBER IDENTIFIER
control field OSt
005 - DATE AND TIME OF LATEST TRANSACTION
control field 20160727222402.0
008 - FIXED-LENGTH DATA ELEMENTS--GENERAL INFORMATION
fixed length control field 160623b xxu||||| |||| 00| 0 eng d
040 ## - CATALOGING SOURCE
Transcribing agency TEST
100 ## - MAIN ENTRY--PERSONAL NAME
9 (RLIN) 730
Personal name Heide, F, P
245 ## - TITLE STATEMENT
Title Mystery of the Whispering Voice
260 ## - PUBLICATION, DISTRIBUTION, ETC. (IMPRINT)
Place of publication, distribution, etc. UNITED STATE OF AMERICA
Name of publisher, distributor, etc. ALBERT WHITMAN & COM
Date of publication, distribution, etc. 1974
300 ## - PHYSICAL DESCRIPTION
Extent Mystery of the Whispering Voice
942 ## - ADDED ENTRY ELEMENTS (KOHA)
Source of classification or shelving scheme Dewey Decimal Classification
Koha item type BOOK
Holdings
Withdrawn status Lost status Source of classification or shelving scheme Damaged status Not for loan Home library Current library Shelving location Date acquired Total Checkouts Full call number Barcode Date last seen Date last checked out Price effective from Koha item type
    Dewey Decimal Classification     Good Samaritan School Library Good Samaritan School Library FICTION 06/23/2016 10 823 HEI831 10/03/2024 08/29/2024 06/23/2016 BOOK

Powered by Koha